000 00714nam a2200205 4500
999 _c196591
_d196591
005 20230817114801.0
010 _aENG-137432
020 _c1295.00
_a9789391211103
035 _aEN-120964
037 _bDBAD/PUB
082 _a347.1
100 _aKumar, P Krishna
245 _aKhergamvala on The Negotiable Instruments Act /
_cby P Krishna Kumar and S Abdul Khader Kunju
260 _aHaryana
_bLexisNexis
_c2021
270 _a14th Floor, Building No 10,Tower-B, DLF Cyber City, Phase-II
_bGurgaon
_e122002
300 _a712p.
_c24cm(pbk)
500 _aAs Amended by the Negotiable Instruments (Amendments) Act, 2018
700 _aKunju,S Abdul Khader
942 _2ddc
_cEN
_h347.1
_mKUM
_e23